LEADER 02115nam 2200541zu 450 001 9910698479303321 005 20210807004412.0 035 $a(CKB)3390000000045538 035 $a(SSID)ssj0000630953 035 $a(PQKBManifestationID)12205316 035 $a(PQKBTitleCode)TC0000630953 035 $a(PQKBWorkID)10590209 035 $a(PQKB)10447443 035 $a(OCoLC)535089424 035 $a(EXLCZ)993390000000045538 100 $a20160829d2010 uy 101 0 $aeng 135 $aurbn||||||||| 181 $ctxt 182 $cc 183 $acr 200 10$aChinese Civil-Military Relations in the Post-Deng Era: Implications for Crisis Management and Naval Modernization: Implications for Crisis Management and Naval Modernization 210 31$a[Place of publication not identified]$cDepartment of the Navy Imprint$d2010 215 $a1 online resource (47 pages) $cillustrations 225 0 $aChina maritime studies Chinese civil-military relations in the post-Deng era 300 $aBibliographic Level Mode of Issuance: Monograph 320 $aIncludes bibliographical references (pages 42-47). 410 0$aChina maritime studies ;$vno. 4. 517 1 $aImplications for crisis management and naval modernization 606 $aCivil-military relations$zChina 606 $aNavies$zChina 606 $aCrisis management$zChina 606 $aGovernment - Non-U.S$2HILCC 606 $aLaw, Politics & Government$2HILCC 606 $aGovernment - Asia$2HILCC 615 0$aCivil-military relations 615 0$aNavies 615 0$aCrisis management 615 7$aGovernment - Non-U.S. 615 7$aLaw, Politics & Government 615 7$aGovernment - Asia 700 $aLi$b Nan$01202682 712 02$aNaval War College (U.S.) China Maritime Studies Institute. 801 0$bPQKB 906 $aBOOK 912 $a9910698479303321 996 $aChinese Civil-Military Relations in the Post-Deng Era: Implications for Crisis Management and Naval Modernization: Implications for Crisis Management and Naval Modernization$93125390 997 $aUNINA LEADER 05126nam 22009374a 450 001 9910778116803321 005 20230721031744.0 010 $a1-282-76228-1 010 $a9786612762284 010 $a0-520-93384-2 010 $a1-4356-0200-5 024 7 $a10.1525/9780520933842 035 $a(CKB)1000000000478628 035 $a(EBL)314080 035 $a(OCoLC)180278569 035 $a(SSID)ssj0000141100 035 $a(PQKBManifestationID)11157386 035 $a(PQKBTitleCode)TC0000141100 035 $a(PQKBWorkID)10056208 035 $a(PQKB)10172557 035 $a(MiAaPQ)EBC314080 035 $a(DE-B1597)519332 035 $a(DE-B1597)9780520933842 035 $a(Au-PeEL)EBL314080 035 $a(CaPaEBR)ebr10190622 035 $a(CaONFJC)MIL276228 035 $a(EXLCZ)991000000000478628 100 $a20070104d2007 ub 0 101 0 $aeng 135 $aurcn||||||||| 181 $ctxt 182 $cc 183 $acr 200 10$aDown in New Orleans$b[electronic resource] $ereflections from a drowned city /$fBilly Sothern ; photographs by Nikki Page 210 $aBerkeley, Calif. $cUniversity of California Press$dc2007 215 $a1 online resource (370 p.) 300 $aDescription based upon print version of record. 311 0 $a0-520-25149-0 320 $aIncludes bibliographical references (p. 317-334) and index. 327 $tFront matter --$tContents --$tAcknowledgments --$tPrologue --$tChapter 1. A Man Leaves Home --$tChapter 2. A Stranger Comes to Town --$tChapter 3. "This Blues Is Just Too Big" --$tChapter 4. A Dollar Short --$tChapter 5. Poor, Nasty, Brutish, and Short --$tChapter 6. Not in My Backyard --$tChapter 7. Left to Die --$tChapter 8. Bring the War Home --$tChapter 9. The Dry Run of the Apocalypse --$tChapter 10. History Repeats Itself --$tChapter 11. Going Home --$tChapter 12. Oxford Town --$tChapter 13. I Do Believe I've Had Enough --$tChapter 14. Everyday Reminders --$tChapter 15. Second Line --$tChapter 16. Gideon's Blues --$tChapter 17. Live from the Circle Bar --$tChapter 18. Corporate Limits --$tChapter 19. Fat Tuesday --$tChapter 20. Hard Lot --$tChapter 21. La Nueva Orleans --$tChapter 22. Yours in Struggle --$tChapter 23. In the Parish --$tChapter 24. Not Resigned --$tChapter 25. Epitaph --$tNotes --$tIndex 330 $a"Post-Katrina New Orleans hasn't been an easy place to live, it hasn't been an easy place to be in love, it hasn't been an easy place to take care of yourself or see the bright side of things." So reflects Billy Sothern in this riveting and unforgettable insider's chronicle of the epic 2005 disaster and the year that followed. Sothern, a death penalty lawyer who with his wife, photographer Nikki Page, arrived in the Crescent City four years ahead of Katrina, delivers a haunting, personal, and quintessentially American story. Writing with an idealist's passion, a journalist's eye for detail, and a lawyer's attention to injustice, Sothern recounts their struggle to come to terms with the enormity of the apocalyptic scenario they managed to live through. He guides the reader on a journey through post-Katrina New Orleans and an array of indelible images: prisoners abandoned in their cells with waters rising, a longtime New Orleans resident of Middle Eastern descent unfairly imprisoned in the days following the hurricane, trailer-bound New Orleanians struggling to make ends meet but celebrating with abandon during Mardi Gras, Latino construction workers living in their trucks. As a lawyer-activist who has devoted his life to procuring justice for some of society's most disenfranchised citizens, Sothern offers a powerful vision of what Katrina has meant to New Orleans and what it still means to the nation at large. 606 $aHurricane Katrina, 2005 606 $aHurricanes$zLouisiana$zNew Orleans 606 $aDisaster victims$zLouisiana$zNew Orleans 606 $aEmergency management$xGovernment policy$zUnited States 610 $aapocalypse. 610 $aclass war. 610 $aclimate change. 610 $adisenfranchisement. 610 $aenvironmental activism. 610 $aflooding. 610 $airanian. 610 $alatin americans. 610 $alatino. 610 $alatinx. 610 $alevy break. 610 $alouisiana. 610 $amardi gras. 610 $amiddle eastern author. 610 $anatural disaster. 610 $anatural disasters. 610 $anew orleans. 610 $apost apocalyptic scenario. 610 $apost-katrina. 610 $arace and racism. 610 $asouthern cities. 610 $atrailer park. 610 $auniversity textbook. 615 0$aHurricane Katrina, 2005. 615 0$aHurricanes 615 0$aDisaster victims 615 0$aEmergency management$xGovernment policy 676 $a976.3/35064 700 $aSothern$b Billy$f1977-$01548963 801 0$bMiAaPQ 801 1$bMiAaPQ 801 2$bMiAaPQ 906 $aBOOK 912 $a9910778116803321 996 $aDown in New Orleans$93806401 997 $aUNINA LEADER 03306nam 22006855 450 001 9910357830803321 005 20251010085406.0 010 $a3-030-16237-0 024 7 $a10.1007/978-3-030-16237-5 035 $a(CKB)4100000009758958 035 $a(MiAaPQ)EBC5975736 035 $a(DE-He213)978-3-030-16237-5 035 $a(MiAaPQ)EBC5975558 035 $a(EXLCZ)994100000009758958 100 $a20191108d2019 u| 0 101 0 $aeng 135 $aurcnu|||||||| 181 $ctxt$2rdacontent 182 $cc$2rdamedia 183 $acr$2rdacarrier 200 10$aAdvances in Spatial and Economic Modeling of Disaster Impacts /$fedited by Yasuhide Okuyama, Adam Rose 205 $a1st ed. 2019. 210 1$aCham :$cSpringer International Publishing :$cImprint: Springer,$d2019. 215 $a1 online resource (422 pages) 225 1 $aAdvances in Spatial Science, The Regional Science Series,$x2197-9375 311 08$a3-030-16236-2 320 $aIncludes bibliographical references. 327 $aConceptional and Broader Issues -- Modeling Variations -- Economic Modeling and Decision-Making. 330 $aThis book presents essential advances in analytical frameworks and tools for modeling the spatial and economic impacts of disasters. In the wake of natural disasters, such as Hurricane Katrina, the Haiti Earthquake, and the East Japan Earthquake and Tsunami, as well as major terrorist attacks, the book analyzes disaster impacts from various perspectives, including resilience, space-time extensions, and decision-making strategies, in order to better understand how and to what extent these events impact economies and societies around the world. The contributing authors are internationally recognized experts from various disciplines, such as economics, geography, planning, regional science, civil engineering, and risk management. Thanks to the insights they provide, the book will benefit not only researchers in these and related fields, but also graduate students, disaster management professionals, and other decision-makers. 410 0$aAdvances in Spatial Science, The Regional Science Series,$x2197-9375 606 $aRegional economics 606 $aSpace in economics 606 $aEnvironmental economics 606 $aHuman geography 606 $aTerrorism 606 $aPolitical violence 606 $aRegional and Spatial Economics 606 $aEnvironmental Economics 606 $aHuman Geography 606 $aTerrorism and Political Violence 615 0$aRegional economics. 615 0$aSpace in economics. 615 0$aEnvironmental economics. 615 0$aHuman geography. 615 0$aTerrorism. 615 0$aPolitical violence. 615 14$aRegional and Spatial Economics. 615 24$aEnvironmental Economics. 615 24$aHuman Geography. 615 24$aTerrorism and Political Violence. 676 $a363.34 702 $aOkuyama$b Yasuhide$4edt$4http://id.loc.gov/vocabulary/relators/edt 702 $aRose$b Adam$4edt$4http://id.loc.gov/vocabulary/relators/edt 801 0$bMiAaPQ 801 1$bMiAaPQ 801 2$bMiAaPQ 906 $aBOOK 912 $a9910357830803321 996 $aAdvances in Spatial and Economic Modeling of Disaster Impacts$92158928 997 $aUNINA LEADER 03832nam 22006855 450 001 9910635394703321 005 20251008161947.0 010 $a9789811978142$b(electronic bk.) 010 $z9789811978135 024 7 $a10.1007/978-981-19-7814-2 035 $a(MiAaPQ)EBC7157444 035 $a(Au-PeEL)EBL7157444 035 $a(CKB)25703758000041 035 $a(DE-He213)978-981-19-7814-2 035 $a(OCoLC)1355218110 035 $a(EXLCZ)9925703758000041 100 $a20221213d2023 u| 0 101 0 $aeng 135 $aurcnu|||||||| 181 $ctxt$2rdacontent 182 $cc$2rdamedia 183 $acr$2rdacarrier 200 10$aDiscovery of Small-Molecule Modulators of Protein?RNA Interactions for Treating Cancer and COVID-19 /$fby Wan Gi Byun 205 $a1st ed. 2023. 210 1$aSingapore :$cSpringer Nature Singapore :$cImprint: Springer,$d2023. 215 $a1 online resource (156 pages) 225 1 $aSpringer Theses, Recognizing Outstanding Ph.D. Research,$x2190-5061 300 $a"Doctoral thesis accepted by Seoul National University, Seoul, Korea (Republic of)" 311 08$aPrint version: Byun, Wan Gi Discovery of Small-Molecule Modulators of Protein-RNA Interactions for Treating Cancer and COVID-19 Singapore : Springer,c2022 9789811978135 327 $a1. Introduction -- 2. Identification of Small-Molecule Inhibitors of Oncogenic Lin28?Let-7 Interaction -- 3. Discovery of Small-Molecule Modulators of Protein?RNA Interactions by Fluorescence Intensity-Based Binding Assay -- 4. Harnessing Stress Granule Formation by Small Molecules to Inhibit the Cellular Replication of SARS-CoV-2 -- Appendix. 330 $aThis book describes the development of novel protein?RNA-binding assays and their applications in a high-throughput manner for the identification of small-molecule modulators of protein?RNA interactions to treat cancer and COVID-19. Modulating protein?RNA interactions with small molecules is expected to provide novel biological insights of the interrelation of diseases with the protein?RNA interactome. The modulations may also be exploited therapeutically. For these reasons, the development of a simple, reliable, and sensitive protein?RNA-binding assay is necessary for high-throughput screening to discover new effective chemical entities capable of acting on diverse protein?RNA interactions. This book discusses the discovery of small-molecule modulators targeting protein?RNA interactions that are potentially valuable to treat cancer and COVID-19 by constructing novel high-throughput screening methods. The results of this dissertation provide valuable insights into the regulation of protein?RNA interactions in chemical biology and drug development. 410 0$aSpringer Theses, Recognizing Outstanding Ph.D. Research,$x2190-5061 606 $aBioengineering 606 $aBiotechnology 606 $aBiophysics 606 $aProtein folding 606 $aRNA interference 606 $aBiological and Physical Engineering 606 $aChemical Bioengineering 606 $aBiophysics 606 $aProtein Folding 606 $aRNA Interference 615 0$aBioengineering. 615 0$aBiotechnology. 615 0$aBiophysics. 615 0$aProtein folding. 615 0$aRNA interference. 615 14$aBiological and Physical Engineering. 615 24$aChemical Bioengineering. 615 24$aBiophysics. 615 24$aProtein Folding. 615 24$aRNA Interference. 676 $a362.1962414 700 $aByun$b Wan Gi$01272792 801 0$bMiAaPQ 801 1$bMiAaPQ 801 2$bMiAaPQ 912 $a9910635394703321 996 $aDiscovery of Small-Molecule Modulators of Protein?RNA Interactions for Treating Cancer and COVID-19$94164333 997 $aUNINA